| 000 | 00716nam a2200241 i 4500 | ||
|---|---|---|---|
| 001 | 17617 | ||
| 003 | ES-MaACL | ||
| 005 | 20230910195802.0 | ||
| 007 | t| | ||
| 008 | 010410s2000 sp ||||1| spa d | ||
| 020 | _a84-08-03651-3 | ||
| 080 | _a929 Campoamor, Ramón de | ||
| 100 | 1 |
_aLombardero Suárez, Manuel. _973184 |
|
| 245 | 1 | 0 |
_aCampoamor y su mundo / _cManuel Lombardero. |
| 250 | _a1ª ed. | ||
| 260 |
_aBarcelona : _bPlaneta, _c2000. |
||
| 300 |
_a430 p., [8] p. de fot. ; _c24 cm. |
||
| 490 | 1 | _aLa España plural | |
| 600 | 1 | 4 |
_aCampoamor, Ramón de, _d1817-1901- _xBiografías _934233 |
| 830 | 0 |
_aLa España plural _9179753 |
|
| 852 |
_aES-MaACL _jL-24552 _bR.129932 |
||
| 999 |
_c17617 _d17617 |
||